Impossible Geography Questions - Statistics

General Stats
  • This quiz has been taken 962 times
  • The average score is 6 of 10
Answer Stats
Question Answer % Correct
Which country has the most natural lakes? Canada
90%
Which Ocean is home to the most volcanos? Pacific
82%
How many African countries are there? 54
76%
What is the lowest US state? (Highest point from sea level) Florida
66%
What is the coldest sea? White Sea
56%
What is the poorest country? Burundi
53%
What is the oldest active volcano on Earth? Mt. Etna
39%
How many primary time zones does Australia have? 3
38%
Which state has the largest aquifer? Nebraska
27%
How many major islands does Hawaii consist of? 8
25%
No matching quizzes found
Score Distribution
Percent of People with Each Score
Percentile by Number Answered
Your Score History
You have not taken this quiz